Statystyki dla Przeliteruj Stolicę Słowacji

Kliknij tutaj aby rozwiązać quiz!

Ogólne statystyki

  • Ten quiz został rozwiązany 389 razy
  • Średni wynik to 10 z 10

Statystyki odpowiedzi

% Poprawnych
B
100%
r
99%
a
98%
s
98%
t
98%
y
98%
a
97%
ł
97%
a
96%
w
96%

Rozkład punktacji

Percentyl według liczby udzielonych odpowiedzi

Procent ludzi z każdym wynikiem

Twoja historia wyników

Nie rozwiązałeś tego quizu